Loading...
| MB | 7 | 4 | 4 | 0 | 125 | 19 | 72.36 | 5 | 11 | 0.00 | 0.00 |
| RC | 5 | 5 | 1 | 0 | 120 | 34 | 71.70 | 5 | 10 | 0.00 | 0.00 |
| RR | 2 | 6 | 0 | 1 | 90 | 42 | 91.75 | 4 | 8 | 0.00 | 0.00 |
| BB | 1 | 6 | 2 | 0 | 65 | 45 | 85.43 | 3 | 7 | 0.00 | 0.00 |
| TR | 0 | 5 | 2 | 1 | 40 | 99 | 113.60 | 0 | 5 | 0.00 | 0.00 |
| AG | 1 | 4 | 4 | 0 | 35 | 69 | 86.60 | 2 | 5 | 0.00 | 0.00 |
| AR | 1 | 2 | 0 | 0 | 35 | 57 | 82.33 | 2 | 3 | 0.00 | 0.00 |
| MV | 1 | 1 | 0 | 0 | 25 | 48 | 71.00 | 1 | 2 | 0.00 | 0.00 |
| KD | 0 | 2 | 0 | 2 | 20 | 137 | 139.50 | 0 | 2 | 0.00 | 0.00 |
| 1 | 0 | 0 | 0 | 15 | 61 | 61.00 | 1 | 1 | 0.00 | 0.00 | |
| RC> | 0 | 1 | 0 | 0 | 10 | 104 | 104.00 | 1 | 1 | 0.00 | 0.00 |
| DM | 0 | 1 | 0 | 0 | 10 | 122 | 122.00 | 0 | 1 | 0.00 | 0.00 |
| AW | 0 | 1 | 1 | 0 | 5 | 82 | 82.00 | 1 | 1 | 0.00 | 0.00 |
| MB | abortion ban | 15 | 19 |
| TR | Jim Brown | -5 | 22 |
| AW | branches | -5 | 25 |
| RC | Nostromo: A Tale of the Seaboard | 15 | 34 |
| RC | Lucy poems | 15 | 39 |
| RR | Jamestown | 15 | 42 |
| BB | energy storage | 15 | 45 |
| MB | Kristin Lavransdatter | 15 | 46 |
| RR | elevation | 15 | 47 |
| MB | Akbar the Great | -5 | 47 |